| 000 | 00599nam#a22002175a#4500 | ||
|---|---|---|---|
| 001 | 914 | ||
| 008 | 090901s2002####xx#####g######001#p#spa#d | ||
| 245 | 1 | 0 |
_aAntología I : _bCuentos, ensayos y poesía / _cAsociación Casildense de Escritores. |
| 250 | _a1ª ed. | ||
| 260 |
_aCasilda : _bAsociación Casildense de Escritores, _c2002. |
||
| 300 |
_a81 p. ; _c19 cm. |
||
| 110 | 2 | _aAsociación Casildense de Escritores. | |
| 080 | _a82-82 | ||
| 084 | _aA59 | ||
| 653 | _aAntología | ||
| 653 | _aPoesía | ||
| 040 |
_aAR-ClEAG _cAR-ClEAG |
||
| 005 | 20241107184651.0 | ||
| 003 | AR-ClEAG | ||
| 942 | _cBK | ||
| 999 |
_c914 _d914 |
||
| 980 |
_62 _aEvangelina Gallicchio _82 _gEvangelina Gallicchio |
||